000 00765nam a2200229Ia 4500
005 20230711143825.0
008 210716s2010 xx 000 0 und d
020 _a9788184044676
040 _cAIMIT LIBRARY
041 _aeng
082 _a004.607
_21
_bKENJ
100 _aKennard, James.
_9126448
245 _aMastering joomla 1.5 :
_bextension and guide to programming joomla /
_cBy James Kennard.
250 _a1st ed.
260 _aNew Delhi :
_bShroff Publishers and Distributors Pvt Ltd ,
_c2010.
300 _aviii,470,5p. ;
_bPB
_c22.5 cm
650 _aModule design
_9126449
650 _aPlugin designRender
_9126450
650 _aRendering output
_9126451
650 _aUtilites and useful classes
_9126452
942 _2ddc
_cBK
_e1st
_k004.607 KENJ
999 _c194829
_d194829